| 000 | 00724nmm a2200265 a 4500 | ||
|---|---|---|---|
| 003 | AR-BaBNM | ||
| 005 | 20251128211819.0 | ||
| 008 | 126020s2005 ||||||||||||||000 | spa|| | ||
| 020 | _a84-494-2892-0 | ||
| 040 | _cAR-BaBNM | ||
| 245 | 1 | 0 | _aCreatividad y valores |
| 260 |
_aBarcelona _bOcéano _c2005 |
||
| 300 | 0 |
_a2 v. _e1 CD-ROM _bil. col. |
|
| 500 | 1 | _aLa obra viene acompañada con un CD-ROM, solicitar en Mediateca | |
| 505 | _tTaller de juguetes | ||
| 505 | _tJugar y compartir | ||
| 650 | 4 | _aJUGUETES | |
| 650 | 4 | _aJUEGOS EDUCATIVOS | |
| 650 | 4 | _aACTIVIDADES | |
| 650 | 4 | _aLIBROS PARA NINOS | |
| 653 | 0 | _aEDUCACION EN VALORES | |
| 653 | 0 | _aLITERATURA DIDACTICA | |
| 942 | _cBK | ||
| 998 | _cme-solo cat | ||
| 999 |
_c21238 _d21238 |
||